000
00222nam a22001097a 4500
999
_c
165135
_d
165135
082
_a
_b
100
_a
Bacchan
245
_a
Satha rangini/
_c
by Bacchan.
260
_a
New Delhi:
_b
Rajpal,
_c
650
_a
942
_c
BK